[Event "46th BAN National Premier Chess-ch 2021"]
[Site "Dhaka"]
[Date "2022.01.01"]
[Round "6.1"]
[White "Manon, Reja Neer"]
[Black "Mehdi, Hasan Parag"]
[Result "1-0"]
[WhiteElo "1989"]
[BlackElo "2230"]
[Annotator "TA"]
[PlyCount "75"]
[EventDate "2021.12.27"]
[EventCountry "BAN"]
[SourceTitle "playchess.com"]
[Source "ChessBase"]
[SourceQuality "1"]

{[%evp 16,75,18,21,18,0,0,0,0,0,-3,0,0,0,0,-18,27,0,59,70,98,23,123,-19,-6,-20,-21,-79,51,0,29,0,0,-104,-124,-159,-162,-159,0,0,75,84,74,94,110,130,94,120,255,247,290,296,1495,1497,1429,1346,1360,1344,1381,1375,1051,1004]} 1. e4 c5 2. Nf3 d6 3. d4 cxd4 4. Nxd4 Nf6 5. Nc3 a6 6. Be2 e5 7. Nb3 Be6 8. O-O Nbd7 9. f4 Rc8 {B92: Sicilian Najdorf: 6 Be2.} 10. Be3 Be7 {[%cal Oc8c3]} 11. f5 Bc4 {The position is equal.} 12. Nd2 Bxe2 13. Qxe2 b5 14. a3 O-O 15. Rad1 Nb6 (15... Re8 {might be stronger.}) 16. Kh1 (16. g4 $5 {[%cal Rg4g5]}) 16... Re8 (16... h6 $11) 17. g4 $1 $14 {[#] Black must now prevent Bxb6.} h6 $146 ({Predecessor:} 17... Nc4 18. Nxc4 Rxc4 19. Qg2 Qa8 20. Nd5 Rxe4 21. Nc7 Qc6 22. Nxe8 Nxe8 23. Bc1 Rc4 24. Qxc6 Rxc6 {0-1 (51) Kubicki,U (1896)-Herrmann,A (2163) Lehrte 2017}) 18. Qg2 (18. g5 $16 hxg5 19. Bxg5) 18... a5 (18... d5 $11 {remains equal.}) 19. h4 ({Better is} 19. g5 $16 hxg5 20. Bxg5) 19... b4 $11 20. axb4 axb4 21. Na2 (21. Ne2 $11 Nc4 22. Nxc4 Rxc4 23. g5 Rxe4 24. gxf6 Rxh4+ 25. Kg1 Bxf6 26. Bf2) 21... Nh7 ({Don't play} 21... Rxc2 22. g5 hxg5 23. hxg5 Rxb2 24. gxf6 Bxf6 25. Rg1 $14) ({Black should play} 21... Nc4 $1 $17 {[%cal Rc4e3]} 22. Nxc4 Rxc4) 22. Nxb4 (22. g5 $1 $14 hxg5 23. hxg5 Bxg5 24. Rg1 $1) 22... Bxh4 23. b3 {Inhibits Nc4.} (23. Nf3 $5 {[%cal Rb2b3]}) 23... Nf6 {[%cal Bh7f6,Bf6e4,Be4g5,Bg5f3][%mdl 32]} 24. Nf3 (24. Rf3 $11) 24... Nxe4 $17 25. Nxh4 Qxh4+ 26. Kg1 {[#]} Rc3 $2 27. Rf3 $1 $11 {aiming for Rh3.} ({Wrong is} 27. Bxb6 $2 Rg3 28. Rd3 Rxg2+ 29. Kxg2 Qxg4+ 30. Kh1 Qe2 $19) 27... Qd8 {[#]} (27... Rxe3 $1 $11 {keeps the balance.} 28. Rxe3 Nf2 29. Rxd6 Nxg4) 28. Rh3 $1 $16 Rxe3 29. Rxe3 Ng5 30. Qc6 $36 {[%mdl 2048] White is on the roll.} Nc8 31. Nd5 {[%cal Of5f6] White is much more active. Black has bad knights.} e4 (31... Ne7 $16 32. Nxe7+ Qxe7) 32. f6 $18 Nf3+ 33. Kg2 gxf6 $2 {[#]} (33... Kf8 34. Qc3 gxf6 35. Qxf6 Qxf6 36. Nxf6 Re6) 34. Qxe8+ $3 {[%mdl 576] Deflection, Decoy. White is clearly winning.} Qxe8 35. Nxf6+ Kf8 36. Nxe8 Kxe8 37. Rxe4+ Ne5 {[#]} 38. Rxd6 $3 {[%mdl 512] White used his chance.  Weighted Error Value: White=0.30/Black=0.41} 1-0

[Event "46th BAN National Premier Chess-ch 2021"]
[Site "Dhaka"]
[Date "2022.01.01"]
[Round "6.2"]
[White "Mollah Abdullah, Al Rakib"]
[Black "Hossain, Enamul"]
[Result "1/2-1/2"]
[WhiteElo "2459"]
[BlackElo "2398"]
[Annotator "TA"]
[PlyCount "62"]
[EventDate "2021.12.27"]
[EventCountry "BAN"]
[SourceTitle "playchess.com"]
[Source "ChessBase"]
[SourceQuality "1"]

{[%evp 9,62,-3,-14,-10,9,15,13,13,0,-14,-14,-12,-7,-25,0,-16,0,-4,34,0,0,0,0,-3,0,-6,0,-14,13,4,22,18,16,13,18,10,57,58,54,52,36,30,38,0,0,0,0,0,0,0,0,0,0,0,0]} 1. b4 d5 2. Bb2 Bf5 3. e3 e6 4. Nf3 c6 5. c4 Nf6 6. a3 {A00: Irregular Openings.} a5 7. b5 Be7 8. bxc6 bxc6 9. cxd5 {[#]} exd5 $146 ({Predecessor:} 9... cxd5 10. Bb5+ Nbd7 11. Nd4 Bg6 12. Nc3 Bd6 13. Na4 O-O 14. Nc6 Qc7 15. Rc1 Qb7 {1-0 (46) Heinzel,O (2300)-Merz,M Germany 1996}) 10. Be2 O-O 11. O-O Qb6 12. Qc1 c5 13. Nc3 Na6 14. Nh4 Bd7 15. Rb1 {[%cal Oc3d5]} Rab8 16. Qc2 Qe6 {Inhibits Nf5.} 17. Nf3 h6 {Prevents Ng5.} 18. Ba1 Rfc8 19. Rxb8 Rxb8 20. Rb1 Rxb1+ 21. Qxb1 c4 22. d3 Bxa3 (22... cxd3 $1 $11 23. Bxd3 (23. Nd4 Qe5 $14) 23... Nc5) 23. dxc4 $1 $14 dxc4 24. Qa2 $1 {[%csl LRa3,LRc4]} Qd6 25. Bxc4 Be6 26. Nd4 {[%cal Rd4e6]} Bxc4 {The position is equal.} 27. Qxc4 Bb4 28. Qc8+ Kh7 29. Qf5+ Kg8 30. Qc8+ Kh7 31. Qf5+ Kg8 {Weighted Error Value: White=0.04 (flawless) /Black=0.08 (flawless)} 1/2-1/2

[Event "46th BAN National Premier Chess-ch 2021"]
[Site "Dhaka"]
[Date "2022.01.01"]
[Round "6.3"]
[White "Murshed, Niaz"]
[Black "Chatterjee, Debaraj"]
[Result "1-0"]
[WhiteElo "2419"]
[BlackElo "2204"]
[Annotator "TA"]
[PlyCount "97"]
[EventDate "2021.12.27"]
[EventCountry "BAN"]
[SourceTitle "playchess.com"]
[Source "ChessBase"]
[SourceQuality "1"]

{[%evp 19,97,29,25,19,33,-11,-12,-11,-13,-24,-4,-16,9,12,0,0,0,0,0,-4,2,-40,0,0,0,-22,11,0,0,0,0,-37,0,-45,0,-1,8,20,3,3,33,-80,0,0,0,0,545,193,142,91,251,210,470,449,434,434,339,116,87,85,793,858,847,823,816,807,735,684,681,580,1392,613,1290,1276,1139,737,29972,29973,12847,6079]} 1. d4 Nf6 2. Nf3 g6 3. c4 Bg7 4. Nc3 O-O 5. e4 d6 6. h3 e5 7. d5 a5 8. Bg5 Na6 9. Be2 Qe8 10. Nd2 Nd7 11. g4 {E92: King's Indian: Classical: 6 Be2 e5: 7 dxe5, 7 Be3 and Petrosian System without 7...Nbd7.} Ndc5 12. O-O (12. a3 $14) 12... f6 $11 13. Be3 {The position is equal.} f5 14. f3 {[#]} Qe7 $146 ({Predecessor:} 14... Kh8 15. Kg2 Bd7 16. b3 Qe7 17. a3 Rae8 18. Rb1 Bc8 19. b4 axb4 20. axb4 Nd7 {0-1 (42) Purdon,C (2057)-De Coverly,R (2002) England 2015}) 15. Kh2 Bf6 16. exf5 gxf5 17. Rg1 Kh8 18. g5 Bg7 19. a3 Bd7 20. Qf1 (20. Qc2 $11) 20... a4 21. Re1 Be8 22. Bd1 Qd7 (22... e4 {seems wilder.} 23. Be2 Bh5 24. h4 Kg8 25. Qg2 Nb3) 23. Bc2 Bh5 24. Qf2 Rae8 25. Nf1 Re7 26. h4 (26. Nd2 $11) 26... e4 (26... Qe8 $1 $15 {is superior.}) 27. f4 Nd3 28. Bxd3 exd3 29. Ng3 Bg4 30. h5 (30. Bd4 $14 {keeps the upper hand.}) 30... Rfe8 ({Black should try} 30... h6 $1 $17 {[%cal Rh6g5]} 31. g6 Rfe8) 31. h6 $36 {[%mdl 2048] Black is under pressure.} Bxc3 32. bxc3 Be2 $2 {[%mdl 8192]} (32... b6 $11 {and Black has nothing to worry.}) 33. Nxe2 $2 (33. Rxe2 dxe2 34. Bd4+ Kg8 35. Qe1) 33... Rxe3 $18 {[#]} 34. Nc1 (34. Ng3 $142 $1 Rxe1 35. Rxe1 Rxe1 36. Qxe1) 34... Qe7 {[#]} (34... Rxe1 $16 35. Rxe1 Rxe1 36. Qxe1 Nc5) 35. Nxd3 $1 {[%cal Od3e5][%mdl 512] Black must now prevent Ne5!} Qe4 {To avoid Ne5} (35... Re2 36. Qxe2 Qxe2+ 37. Rxe2 Rxe2+ 38. Kg3 Kg8) (35... Kg8 36. Qh4) 36. Rxe3 Qxe3 37. Qxe3 Rxe3 {[%mdl 4096] Endgame [#] KRN-KRN} 38. Rd1 (38. Re1 $1 $18 {and the rest is easy.} Rxe1 39. Nxe1) 38... Kg8 $16 39. Kg2 {[%cal Oc4c5]} Nc5 $2 {[%mdl 8192]} (39... b6 $16) 40. Nxc5 $18 dxc5 {KR-KR} 41. d6 cxd6 42. Rxd6 Rxc3 43. Rd8+ Kf7 44. Rd7+ Kg6 45. Rg7+ Kh5 46. Rxh7 Rxa3 47. Rxb7 {And now Rb6 would win.} Kg4 48. h7 Ra2+ 49. Kf1 {Weighted Error Value: White=0.46/Black=0.79} 1-0

[Event "46th BAN National Premier Chess-ch 2021"]
[Site "Dhaka"]
[Date "2022.01.01"]
[Round "6.4"]
[White "Rahman, Ziaur"]
[Black "Islam, Khandaker Aminul"]
[Result "1-0"]
[WhiteElo "2413"]
[BlackElo "2155"]
[Annotator "TA"]
[PlyCount "79"]
[EventDate "2021.12.27"]
[EventCountry "BAN"]
[SourceTitle "playchess.com"]
[Source "ChessBase"]
[SourceQuality "1"]

{[%evp 14,79,26,18,73,70,70,65,81,59,96,107,116,94,149,145,171,161,157,155,158,145,150,149,166,166,237,239,242,239,246,252,244,252,253,250,248,243,369,262,264,262,279,279,283,279,279,278,306,268,311,266,349,270,372,372,387,364,397,385,458,466,475,329,405,396,547,554]} 1. d4 {ChessBase II} Nf6 2. c4 e6 3. g3 Bb4+ 4. Bd2 a5 5. Bg2 O-O 6. Nf3 b6 7. O-O Bb7 {is more profitable than 7...Ba6 at the moment.} 8. Bf4 {[%cal Oc4c5]} Bd6 {E16: Queen's Indian: 4 g3 Bb7 5 Bg2 Bb4+.} (8... Be7 $11) 9. Bxd6 $16 cxd6 10. Nc3 Na6 {White is slightly better.} 11. d5 Nc5 {[#]} 12. Nd4 $146 {[%cal Bf3d4,Bd4c2,Bc2e3][%mdl 32]} ({Predecessor:} 12. Ne1 Rb8 13. Nc2 Ba6 14. Na3 Ne8 15. Qd2 e5 16. Nab5 Bxb5 17. Nxb5 Qe7 18. Rfb1 {1-0 (39) Kots,Y-Zhidkov,V Kiev 1968 EXT 2013 [ChessBase II]}) 12... Qe7 13. Re1 Rfc8 (13... exd5 $142 14. cxd5 (14. Nxd5 Nxd5 15. cxd5 f5 $14) 14... Ng4) 14. e4 g6 15. b3 e5 16. Nc2 Ba6 17. Ne3 Rab8 18. Qe2 $1 Ne8 19. Rab1 Nc7 {[#]} (19... Rc7 $142 20. a3 a4) 20. a3 $1 $18 {[%cal Ba2a3,Ba3b4,Bb4b5][%mdl 32]} b5 21. b4 axb4 22. axb4 Na4 23. Nxa4 bxa4 24. b5 Bb7 25. Rb4 {[%cal Bb1b4,Bb4a4,Ba4a7][%mdl 32]} Na8 (25... Qd8 $142 26. Rxa4 Ra8) 26. Rxa4 Nb6 27. Ra7 Rc5 {[#]} 28. Bf1 $1 Qd8 29. h4 {[%cal Bh2h4,Bh4h5][%mdl 32]} Nc8 30. Ra2 Nb6 31. Qg4 Rcc8 32. Ra7 Kh8 33. Be2 Qe7 34. h5 Rg8 35. Kg2 Nc8 36. Raa1 Nb6 37. Rh1 {And now hxg6 would win.} Rbf8 38. Qh3 {Inhibits f5.} Rg7 39. Ra7 Bc8 40. Qh4 {White took control after the opening.  Weighted Error Value: White=0.15 (very precise) /Black=0.37} 1-0

[Event "46th BAN National Premier Chess-ch 2021"]
[Site "Dhaka"]
[Date "2022.01.01"]
[Round "6.5"]
[White "Md., Sharif Hossain"]
[Black "Zia, Tahsin Tajwar"]
[Result "1/2-1/2"]
[WhiteElo "2211"]
[BlackElo "2232"]
[Annotator "TA"]
[PlyCount "140"]
[EventDate "2021.12.27"]
[EventCountry "BAN"]
[SourceTitle "playchess.com"]
[Source "ChessBase"]
[SourceQuality "1"]

{[%evp 14,140,18,12,23,0,14,0,-5,-8,17,-10,0,-99,-5,0,12,21,19,27,22,21,23,23,15,13,0,13,24,24,17,0,41,45,50,46,58,31,48,52,29,25,81,81,84,97,122,122,154,158,282,280,258,256,256,256,256,256,256,256,267,256,256,256,252,245,244,222,256,241,392,400,394,373,410,415,409,405,416,375,422,429,439,430,427,420,504,509,543,542,531,466,515,500,536,542,543,542,536,529,622,626,863,841,757,596,564,301,302,305,297,228,223,239,194,0,0,0,0,0,0,0,0,0,0,0,0,0,0]} 1. e4 c6 2. d4 d5 3. exd5 cxd5 4. Bd3 Nc6 5. c3 Qc7 6. Ne2 Bg4 {[%cal Bc8g4,Bg4h5,Bh5g6][%mdl 32]} 7. f3 {7.0-0 injects fresh life into this line.} Bh5 8. Bf4 Qd7 {B13: Caro-Kann: Exchange Variation and Panov-Botvinnik Attack.} 9. O-O e6 10. Bg3 Bg6 11. Nf4 Bd6 {[#]} 12. Re1 $146 ({Predecessor:} 12. Qe2 Nge7 13. Nd2 Qc7 14. Nxg6 hxg6 15. Bxd6 Qxd6 16. f4 O-O-O 17. g3 Kb8 18. Nf3 {0-1 (65) Shkapenko,P (2425)-Turov,M (2594) Tallinn 2016}) 12... Nge7 13. Na3 (13. Nxg6 $11 hxg6 14. Bxd6 Qxd6 15. g3) 13... a6 (13... Bxd3 $17 14. Nxd3 Bxa3 15. bxa3 b6) 14. Nc2 $11 Qc7 15. Nxg6 hxg6 16. Bxd6 Qxd6 17. g3 Nf5 {[%cal Oh8h2] Hoping for ...Rxh2!} 18. f4 O-O-O 19. Qg4 Nce7 20. Re2 Rh5 21. Qf3 Rdh8 22. Rg2 Rh3 (22... g5 $11 {feels stronger.}) 23. Qe2 $1 $14 Qb6 24. Ne1 {[%cal Bc2e1,Be1f3,Bf3e5][%mdl 32]} Nh6 25. Rd1 Nef5 26. Rd2 Kb8 27. Nf3 Ng4 (27... Nd6 $1 $11 {keeps the balance.}) 28. Bxf5 $16 ({But not} 28. Ng5 $2 {[#]} Nxd4 $1 {[%mdl 512]} 29. cxd4 (29. Qxg4 $2 Nf3+ 30. Kf1 Nxd2+ 31. Rxd2 Rxh2 $19) 29... Qxd4+ 30. Kf1 Ne3+ 31. Kg1 Nxg2+ 32. Qf2 Qxf2+ 33. Rxf2 Nxf4 $1 $19 {[%mdl 512]}) 28... gxf5 29. Ne5 Nf6 {Prevents Nd7+.} 30. Nxf7 Ne4 31. Nxh8 Rxh8 (31... Nxd2 $16 {keeps fighting.} 32. Qxd2 Rxh8) 32. Rc2 $18 Ka8 33. Qd3 g5 34. fxg5 Nxg5 35. Kf1 Ne4 36. Ke1 Qc7 37. Qf1 {Prevents f4.} Qa5 38. a3 Qa4 39. Qf4 Qc4 40. Qe3 Re8 41. Rce2 {[%cal Bc2e2,Be2e3,Be3f3,Bf3f1][%mdl 32]} e5 $2 (41... Rg8 {was necessary.} 42. Kf1 Qc8) 42. dxe5 Rxe5 43. Kf1 Re6 44. Qd4 {And now Qxc4 would win.} Qc6 45. a4 Re8 46. Re3 f4 47. gxf4 Qh6 48. Rf3 Qh5 49. Qd1 Nf6 50. Kg1 Re3 51. Rf1 Qf5 52. Rg5 Qe6 53. Re5 Qg8+ 54. Kh1 Rh3 55. Rg5 Qh7 56. Qe2 Ne4 {[%cal Bf6e4,Be4d2,Bd2f1][%mdl 32]} 57. Qg2 {Prevents Ng3+. Black must now prevent Rg8+.} Re3 58. Rg8+ Ka7 59. Qg1 d4 60. cxd4 Nd2 61. Qxe3 {d5+ would kill now.} Nxf1 {[%csl Gf1][%cal Rh7h2][%mdl 4096] Endgame KQR-KQN} 62. Qg1 {White wants to mate with d5+.} Qe4+ 63. Qg2 Qe1 {[%csl Ge1][%cal Rf1g3]} 64. Qg1 $2 {To avoid Ng3+} (64. Qh3 $18 Qe4+ 65. Kg1) 64... Qe4+ $11 {The position is equal.} 65. Rg2 ({Less strong is} 65. Qg2 Qe1 66. Qh3 Qe4+ 67. Kg1 Nd2 $18) 65... Ng3+ $1 66. hxg3 {White threatens Qd1 and mate.} Qh7+ $1 67. Qh2 Qb1+ $1 68. Rg1 Qe4+ 69. Rg2 Qb1+ $1 70. Qg1 Qh7+ {Blacks defense is rewarded with a draw.  Weighted Error Value: White=0.10 (very precise) /Black=0.24 (precise)} 1/2-1/2

[Event "46th BAN National Premier Chess-ch 2021"]
[Site "Dhaka"]
[Date "2022.01.01"]
[Round "6.6"]
[White "Mohammad, Minhaz Uddin"]
[Black "Subrota, Biswas"]
[Result "1-0"]
[WhiteElo "2259"]
[BlackElo "2199"]
[Annotator "TA"]
[PlyCount "89"]
[EventDate "2021.12.27"]
[EventCountry "BAN"]
[SourceTitle "playchess.com"]
[Source "ChessBase"]
[SourceQuality "1"]

{[%evp 14,89,34,19,16,12,48,24,33,18,12,12,18,6,3,21,23,17,79,-32,0,0,0,0,0,-5,0,0,-6,-16,0,-76,-69,-91,-84,-112,-102,-173,-172,-333,-196,-195,-172,-158,-169,-256,-149,-123,-73,-62,30,31,178,185,389,376,452,449,532,539,539,520,520,507,755,772,855,852,820,766,715,639,1793,1855,1588,1092,29957,12847]} 1. e4 c6 2. d4 d5 3. Nd2 dxe4 4. Nxe4 Nf6 5. Nxf6+ exf6 6. c3 Bd6 7. Bd3 O-O 8. Qc2 {Active counter play!} Re8+ {B15: Caro-Kann: 3 Nc3: 3...g6 and 3...dxe4 4 Nxe4 Nf6 5 Nxf6+ exf6.} 9. Ne2 h5 (9... f5 $5) 10. Be3 Nd7 {White has an edge.} 11. O-O-O Nf8 12. c4 {[%cal Bc3c4,Bc4c5][%mdl 32]} Be6 13. Kb1 Rc8 14. a3 b5 15. c5 $1 Bc7 {[#]} (15... Bb8 $1 $11) 16. Bf5 $146 ({White should try} 16. Nc3 $1 $16) ({Predecessor:} 16. d5 Bxd5 17. Nc3 Be5 18. Nxd5 cxd5 19. Bxb5 Rb8 20. Qa4 Qc8 21. Rd2 Rd8 22. Ba6 {0-1 (38) Abu Sufian,S (2242)-Wong,Y (2381) Tornelo INT 2021}) 16... Rb8 17. Bxe6 $1 fxe6 18. Nf4 b4 {...bxa3 is the strong threat.} 19. a4 b3 20. Qc4 a5 {next ...Bxf4 is good for Black.} 21. Nd3 Ng6 22. Rc1 (22. g3 $11) 22... Nh4 $17 23. g3 Nf3 24. Rcd1 Qd7 25. h4 (25. Bd2 $17) 25... Red8 $19 26. Bd2 $2 (26. Nc1) 26... Nxd4 (26... Qxd4 $142 27. Qxd4 Nxd2+ 28. Kc1 Rxd4 29. Kxd2 Rbd8) 27. Bc3 {Threatens to win with Nc1.} Qd5 $1 28. Qxd5 Rxd5 29. Nc1 (29. Bxd4 $142 Rxd4 30. Nc1 Rxa4 31. Rhe1) 29... Nf5 ({Better is} 29... Nf3 $19 30. Rd3 Rxd3 31. Nxd3 e5) 30. Rxd5 $17 exd5 (30... cxd5 $142 31. Rd1 Bd8) 31. Rd1 Be5 (31... Bd8 $15) 32. Bxa5 $11 Bd4 {[#] Loses the game.} (32... Ra8 $1 $14 33. Nxb3 Kf7) 33. Bb6 $1 $18 Bxf2 $2 (33... Kf7 34. Nxb3 Bxf2) 34. Rf1 Bxc5 35. Bxc5 Nxg3 {[#]} 36. Bd6 $1 {[%csl LRb8,LRg3][%mdl 512]} Nxf1 37. Bxb8 Nd2+ 38. Ka1 g5 39. a5 {[%cal Ba4a5,Ba5a6,Ba6a7][%mdl 32] Black must now prevent a6.} Nc4 40. a6 {And now Bc7 would win.} Nb6 41. a7 Kf7 42. Nxb3 {Strongly threatening Ka2.} Kg6 43. Ka2 Kf5 44. Ka3 {Hoping for Kb4.} gxh4 45. Kb4 {Weighted Error Value: White=0.20 (precise) /Black=0.52} 1-0

[Event "46th BAN National Premier Chess-ch 2021"]
[Site "Dhaka"]
[Date "2022.01.01"]
[Round "6.7"]
[White "Nayem, Haque"]
[Black "Reefat, Bin-Sattar"]
[Result "0-1"]
[WhiteElo "2091"]
[BlackElo "2394"]
[Annotator "TA"]
[PlyCount "66"]
[EventDate "2021.12.27"]
[EventCountry "BAN"]
[SourceTitle "playchess.com"]
[Source "ChessBase"]
[SourceQuality "1"]

{[%evp 15,66,14,16,11,22,-1,0,4,24,14,39,12,24,10,44,29,29,32,37,0,0,-11,-18,-88,15,17,4,0,0,0,0,15,44,38,29,0,166,149,156,151,159,146,149,114,142,15,18,-2458,-1350,-29997,-29997,-29998,-29999]} 1. d4 e6 2. c4 b6 3. Nf3 Bb7 4. Nc3 f5 5. g3 Bb4 6. Bd2 a5 7. Bg2 Nf6 8. O-O O-O 9. Rc1 {A84: Dutch Defence: 2 c4 Miscellaneous.} Na6 {[#]} 10. d5 $146 ({Predecessor:} 10. a3 Bxc3 11. Bxc3 Qe7 12. Re1 Rae8 13. Qb3 Ra8 14. Ne5 Bxg2 15. Kxg2 Nb8 16. Nd3 d6 {1-0 (68) Rasmussen,A (2499)-Hansen,S (2569) Skorping 2014}) 10... Qe8 11. a3 {The position is equal.} Bxc3 12. Bxc3 exd5 (12... Ne4 {is more complex.} 13. dxe6 Qxe6 14. Ng5 Qe7 15. Nxe4 fxe4 16. b4 axb4 17. axb4 Nxb4 18. Bxb4 Qxb4 19. Qxd7 Rf7) 13. Bxf6 Rxf6 14. cxd5 f4 (14... a4 $5) 15. Re1 Qh5 $1 16. Rc4 Re8 (16... Bxd5 $2 17. g4 $1 {[%mdl 512]} Qe8 18. Qxd5+ $18) 17. Qd2 (17. Rd4 $14 {was preferrable.}) 17... fxg3 $11 ({Don't play} 17... Bxd5 18. g4 $1 {[%mdl 512]} (18. Rxf4 Rxf4 19. Qxf4 d6 $11) 18... Qf7 19. Ng5 $1 Bxc4 20. Nxf7 Rxf7 21. Rc1 $16) 18. hxg3 Nc5 (18... Bxd5 $2 19. Rh4 Bxf3 20. Rxh5 Bxh5 21. Qxd7 $18) 19. Ng5 (19. Rd1 $11 {remains equal.}) 19... h6 ({Resist} 19... Rh6 20. Rh4 Qg6 21. Rxh6 gxh6 22. Nh3 $16) (19... Nb3 $1 $17 {[%cal Rb3d2]} 20. Qd1 Qxg5 21. Qxb3 Bxd5) 20. Ne4 Nxe4 21. Rxe4 Ref8 22. Rh4 Qf7 23. Bf3 g5 24. Rd4 Rf5 25. Rf1 h5 $2 {[#]} (25... Ba6 $11 {and Black is okay.}) 26. Bxh5 $1 $18 {[%mdl 512]} Qf6 {[%cal Rf5f2]} (26... Qg7 27. Bg4) 27. e4 Re5 28. f4 $36 {[%mdl 2048] Rf3 is the strong threat. Black is under strong pressure.} Re7 {[%cal Be5e7,Be7h7,Bh7h1][%mdl 32]} 29. Rf2 Rh7 {[#]} 30. Bg4 (30. e5 $1 $16 {[%cal Re5f6]} Qg7 31. Bf3) 30... Qh8 $11 31. Bf5 $2 {[%mdl 8192] [#]} (31. f5 $11 Rh1+ 32. Kg2) 31... Rxf5 $1 {[%mdl 512]} 32. exf5 (32. Rg2 Rh1+) 32... Rh1+ 33. Kg2 g4 {Weighted Error Value: White=0.75/Black=0.44} 0-1

[Event "46th BAN National Premier Chess-ch 2021"]
[Site "Dhaka"]
[Date "2022.01.03"]
[Round "7.1"]
[White "Reefat, Bin-Sattar"]
[Black "Manon, Reja Neer"]
[Result "1-0"]
[WhiteElo "2394"]
[BlackElo "1989"]
[Annotator "TA"]
[PlyCount "42"]
[EventDate "2021.12.27"]
[EventCountry "BAN"]
[SourceTitle "playchess.com"]
[Source "ChessBase"]
[SourceQuality "1"]

{[%evp 13,42,27,25,21,199,170,196,180,199,207,294,292,338,331,344,331,350,349,610,610,631,612,1048,1022,974,1016,972,958,1602,1556,29997]} 1. e4 d5 2. exd5 Qxd5 3. Nc3 Qa5 4. d4 Nf6 5. Bc4 Bg4 6. f3 Bf5 7. Nge2 e6 {7...Nbd7 is vanishing.} 8. Bd2 {[%cal Oc3d5] B01: Scandinavian Defence.} c6 {Inhibits Nd5.} (8... Qb6 $11 {and Black is okay.}) 9. g4 $18 {And now Ne4 would win.} Bg6 {[#] Inhibits Ne4.} 10. h4 $1 {[#] Black must now prevent h5. White is clearly better.} b5 $146 ({Predecessor:} 10... h6 11. Nf4 Bh7 12. Qe2 Nbd7 13. g5 hxg5 14. hxg5 Qxg5 15. O-O-O O-O-O 16. Nxe6 Qf5 17. Rxh7 Rxh7 18. Nxd8 Kxd8 {1-0 (34) Warmerdam,M (2420)-Beerdsen,T (2476) Chess.com INT 2018}) 11. Nxb5 Qb6 (11... Bb4 $142) 12. Nbc3 h5 {[#]} 13. Nf4 $1 Bh7 14. Qe2 hxg4 15. fxg4 (15. Nxe6 fxe6 16. fxg4 (16. Qxe6+ Kd8 $15) 16... Kd8 $14) 15... Qxd4 $2 (15... Bxc2 16. g5 Qxb2) 16. O-O-O {White is clearly winning.} ({Not} 16. Be3 Qe5 $16) 16... Be7 17. g5 ({Less strong is} 17. Be3 Qe5 $16) 17... Ne4 18. g6 Bxg6 19. Nxg6 Ng3 20. Qf3 Qxc4 21. Ne5 Bf8 {White took control after the opening.  Weighted Error Value: White=0.00 (flawless) /Black=0.58} 1-0